header

Health systems and the challenge of communicable diseases (Record no. 150409)

MARC details
000 -LEADER
fixed length control field 01591nam a2200385Ia 4500
245 00 - TITLE STATEMENT
Title Health systems and the challenge of communicable diseases
260 ## - PUBLICATION, DISTRIBUTION, ETC. (IMPRINT)
Place of publication Maidenhead, England ;
-- New York :
Name of publisher Open University Press,
Year of publication 2008.
300 ## - PHYSICAL DESCRIPTION
Number of Pages xxiv, 266 p. :
Other physical details ill.
490 1# - SERIES STATEMENT
Series statement European Observatory on Health Systems and Policies series
650 #0 - SUBJECT ADDED ENTRY--TOPICAL TERM
Topical Term Communicable diseases
Topical Term Public health
Topical Term Public health
700 1# - ADDED ENTRY--PERSONAL NAME
Personal name Atun, Rifat.
Personal name Coker, Richard.
Personal name McKee, Martin.
856 40 - ELECTRONIC LOCATION AND ACCESS
Uniform Resource Identifier http://site.ebrary.com/lib/rucke/Doc?id=10246335

No items available.

© 2026 Rongo University
Contact us: librarian | system librarian | Rongo university